Statistics for Most Hashtagged Countries on Instagram

Click here to take the quiz!

General Stats

  • This quiz has been taken 536 times
  • The average score is 13 of 20

Answer Stats

#Country% Correct
40mUnited States
98%
26mUnited Kingdom
94%
28mFrance
93%
21.9mRussia
90%
21.8mSpain
90%
19.2mCanada
89%
22mGermany
88%
16.9mBrazil
86%
50m+Italy
86%
41.5mJapan
86%
22.9mMexico
86%
23.5mAustralia
79%
21mTurkey
60%
35mIndonesia
53%
30.7mThailand
51%
34mUnited Arab Emirates
41%
25mQatar
23%
24.8mBahrain
15%
33mKuwait
14%
19mVenezuela
13%

Score Distribution

Percentile by Number Answered

Percent of People with Each Score

Your Score History

You have not taken this quiz